[Event "N�-LL 2007/08"]
[Site "CSCG"]
[Date "2008.01.20"]
[Round "8"]
[White "Sadilek, Maximilian"]
[Black "Neumann, Christian"]
[Result "1-0"]
[WhiteElo "2107"]
[BlackElo "1957"]
[Annotator "Stockerau : B�hlerwerk"]
[PlyCount "47"]
[EventDate "2008.??.??"]

1. e4 c6 2. d4 d5 3. Nc3 dxe4 4. Nxe4 Bf5 5. Ng3 Bg6 6. Bc4 Nf6 7. f4 Ne4 8.
Nf3 Nd7 9. Nxe4 Bxe4 10. Bxf7+ Kxf7 11. Ng5+ Kg8 12. Nxe4 e6 13. O-O g6 14. Ng5
Qf6 15. c3 h6 16. Nf3 Bd6 17. Qb3 Rb8 18. Ne5 Nf8 19. Bd2 Rh7 20. Rae1 a6 21.
c4 Qd8 22. Bc3 h5 23. Qc2 a5 24. Nxg6 1-0

 h5 23. Qc2 a5 24. Nxg6 1-0

[Event "N� LL 2007/08"]
[Site "CSCG"]
[Date "2008.01.20"]
[Round "8"]
[White "Strobel, Ferdinand"]
[Black "Batyte, Daiva"]
[Result "1-0"]
[WhiteElo "2015"]
[BlackElo "2219"]
[Annotator "Stockerau : B�hlerwerk"]
[PlyCount "153"]
[EventDate "2008.??.??"]

1. f4 d6 2. g3 e5 3. d3 Nf6 4. Bg2 Nc6 5. Nf3 Be7 6. e4 O-O 7. O-O Bg4 8. c4
Nd4 9. Be3 Nc6 10. Nc3 exf4 11. gxf4 Qd7 12. Qd2 Bh3 13. Bxh3 Qxh3 14. Qg2
Qxg2+ 15. Kxg2 Ng4 16. Bg1 f5 17. Nd5 Bd8 18. Rae1 a5 19. a3 h6 20. Re2 Rb8 21.
h3 Nf6 22. Nxf6+ Rxf6 23. e5 Rg6+ 24. Kh2 b5 25. cxb5 Rxb5 26. Rc1 dxe5 27.
fxe5 Be7 28. d4 Rb3 29. Rc3 Rxc3 30. bxc3 Bxa3 31. Ra2 Bc1 32. Bf2 Bf4+ 33. Kh1
Kf7 34. Ra4 Bg3 35. Be3 Ke6 36. c4 f4 37. Bg1 Kf5 38. e6 Ke4 39. Nd2+ Kd3 40.
Nf3 Ke2 41. Ra3 Ne7 42. d5 Bf2 43. Bh2 Be3 44. Ne5 Rg5 45. Ra2+ Kf1 46. Ra1+
Ke2 47. Ra2+ Kd1 48. Nf3 Rf5 49. Rxa5 g5 50. Ra2 Ng6 51. Bg1 Rf8 52. Kg2 h5 53.
Nxg5 Nh4+ 54. Kh1 Rg8 55. Bxe3 fxe3 56. Ne4 Ke1 57. c5 Kf1 58. Ra1+ Ke2 59. d6
cxd6 60. cxd6 Kf3 61. Nf6 Rb8 62. e7 Nf5 63. e8=Q Ng3+ 64. Kg1 Rb2 65. Qc6+ Kf4
66. Qc4+ Kf3 67. Qd5+ Ke2 68. Qc4+ Kf3 69. Qd5+ Kf4 70. Nxh5+ Nxh5 71. Rf1+ Rf2
72. Qxh5 Rxf1+ 73. Kxf1 Ke4 74. d7 Kf4 75. d8=Q Ke4 76. Qdd5+ Kf4 77. Qg4# 1-0

f1+ 73. Kxf1 Ke4 74. d7 Kf4 75.
d8=Q Ke4 76. Qdd5+ Kf4 77. Qg4# 1-0

[Event "N� LL 2007/08"]
[Site "CSCG"]
[Date "2008.01.20"]
[Round "8"]
[White "Gr�tz, Harald"]
[Black "Lovrinovic, Christian"]
[Result "1-0"]
[WhiteElo "2321"]
[BlackElo "2171"]
[Annotator "Stockerau : B�hlerwerk"]
[PlyCount "121"]
[EventDate "2008.??.??"]

1. e4 c5 2. Nf3 d6 3. d4 cxd4 4. Nxd4 Nf6 5. Nc3 g6 6. Be3 Bg7 7. f3 Nc6 8. Qd2
O-O 9. Bc4 Bd7 10. O-O-O Rb8 11. Kb1 Na5 12. Bb3 b5 13. Nd5 Nxd5 14. exd5 Nc4
15. Bxc4 bxc4 16. g4 Qc7 17. c3 Rb7 18. Qe2 Rfb8 19. Rd2 Rc8 20. Ka1 Qa5 21. h4
h6 22. h5 g5 23. Re1 Be5 24. Rf1 Qxd5 25. f4 Bxd4 26. Rxd4 Qe6 27. fxg5 hxg5
28. Qf2 f6 29. Bc1 Rb5 30. Qc2 Qf7 31. Re1 d5 32. Rf1 Qg7 33. Qd1 e6 34. Rd2
Rf8 35. Rdf2 e5 36. h6 Qg6 37. h7+ Kh8 38. Rh1 Rf7 39. Rfh2 Qe4 40. Qf1 Qxg4
41. Rf2 Rb6 42. Rg1 Qh3 43. Qd1 Qe6 44. Rgf1 g4 45. Bg5 f5 46. Qxg4 f4 47. Qg1
Rxh7 48. Bxf4 exf4 49. Rxf4 Rg7 50. Qh2+ Qh3 51. Rh4+ Qxh4 52. Qxh4+ Kg8 53.
Rh1 Re6 54. Qh8+ Kf7 55. Rf1+ Rf6 56. Qh5+ Ke7 57. Qe5+ Re6 58. Qxg7+ Kd6 59.
Rf6 a5 60. Rxe6+ Bxe6 61. Qa7 1-0


Re6 58. Qxg7+ Kd6 59. Rf6 a5 60. Rxe6+ Bxe6 61. Qa7 1-0

[Event "N�-LL 2007_08"]
[Site "?"]
[Date "2008.02.24"]
[Round "9"]
[White "Polsterer, Heinz"]
[Black "Sadilek, Maximilian"]
[Result "0-1"]
[WhiteElo "2001"]
[BlackElo "2107"]
[Annotator "Krems : Stockerau"]
[PlyCount "50"]
[EventDate "2007.10.10"]
[SourceDate "2008.02.29"]

1. e4 Nc6 2. d4 d5 3. e5 f6 4. f4 Bf5 5. Nf3 e6 6. c3 Nge7 7. Na3 Ng6 8. Nc2
fxe5 9. fxe5 Be7 10. Ne3 Be4 11. Ng4 Nh4 12. Be3 O-O 13. Nxh4 Bxh4+ 14. Nf2 Ne7
15. Ke2 Nf5 16. Nxe4 dxe4 17. Qd2 Nxe3 18. Qxe3 Rf2+ 19. Kd1 Rxb2 20. Bc4 Qe8
21. Qxe4 Qa4+ 22. Kc1 Qa3 23. Bxe6+ Kh8 24. Kd1 Qxc3 25. Qf4 Qc2# 0-1

[Event "N�-LL 2007_08"]
[Site "?"]
[Date "2008.02.24"]
[Round "9"]
[White "Batyte, Daiva"]
[Black "W�ber, Friedrich"]
[Result "0-1"]
[WhiteElo "2219"]
[BlackElo "2103"]
[Annotator "Krems : Stockerau"]
[PlyCount "80"]
[EventDate "2007.10.10"]
[SourceDate "2008.02.29"]

1. g3 d5 2. Bg2 e5 3. c4 c6 4. cxd5 cxd5 5. Qb3 Nf6 6. Nc3 Nc6 7. Nxd5 Nd4 8.
Nxf6+ Qxf6 9. Qd1 Bf5 10. d3 Rc8 11. Kf1 Rc7 12. Nf3 Nxf3 13. Bxf3 Bh3+ 14. Kg1
Bc5 15. Qa4+ Bd7 16. Qh4 Qb6 17. e3 O-O 18. Kg2 f5 19. Rd1 Be6 20. d4 Be7 21.
Qh5 e4 22. Be2 g6 23. Qh6 Rc2 24. Bf1 Bd5 25. Kg1 Rfc8 26. Qf4 Qe6 27. Qe5 Bxa2
28. Qxe6+ Bxe6 29. d5 Rd8 30. Rxa7 Rxd5 31. Rxd5 Bxd5 32. Ra1 Kf7 33. Rb1 Ba2
34. Ra1 Bb3 35. Bg2 Be6 36. g4 Bh4 37. gxf5 gxf5 38. Bh3 Bxf2+ 39. Kf1 Bc4+ 40.
Kg2 Bxe3+ 0-1

[Event "N�-LL 2007_08"]
[Site "?"]
[Date "2008.02.24"]
[Round "9"]
[White "Winiwarter, Felix"]
[Black "Hangweyrer, Manfred"]
[Result "1/2-1/2"]
[WhiteElo "2147"]
[BlackElo "2372"]
[Annotator "Krems : Stockerau"]
[PlyCount "119"]
[EventDate "2007.10.10"]
[SourceDate "2008.02.29"]

1. d4 d5 2. c4 c6 3. Nf3 Nf6 4. Nc3 e6 5. e3 Nbd7 6. Bd3 Be7 7. O-O O-O 8. b3
b6 9. Bb2 Bb7 10. Qe2 c5 11. Rfd1 cxd4 12. exd4 a6 13. Rac1 Re8 14. Ne5 Nf8 15.
Bb1 Ng6 16. g3 dxc4 17. bxc4 Qc7 18. Nxg6 hxg6 19. Ne4 Rad8 20. Nxf6+ Bxf6 21.
Be4 Rd7 22. Qf3 Red8 23. Kg2 Bxe4 24. Qxe4 Rd6 25. Rd3 Rc6 26. Rb3 Rxc4 27.
Rxc4 Qxc4 28. Rxb6 Qxa2 29. Qb7 a5 30. Ra6 Qd5+ 31. Qxd5 Rxd5 32. Bc3 Bd8 33.
Ra8 Kh7 34. Ra7 Bb6 35. Rxf7 Bxd4 36. Bxd4 Rxd4 37. Ra7 a4 38. h3 e5 39. g4 e4
40. Kg3 g5 41. Ra5 Kg6 42. Ra6+ Kf7 43. Ra7+ Kf6 44. Ra6+ Ke7 45. Ra5 Kf6 46.
Ra6+ Kf7 47. Ra7+ Kg6 48. Ra6+ Kh7 49. Ra5 Kh6 50. Ra6+ g6 51. Ra7 Rd3+ 52. Kg2
a3 53. Ra4 e3 54. fxe3 Rxe3 55. Ra7 Rb3 56. Kh2 Rb2+ 57. Kg3 a2 58. Kf3 Rb3+
59. Kg2 Rb2+ 60. Kf3 1/2-1/2

[Event "N�-LL 2007_08"]
[Site "?"]
[Date "2008.02.24"]
[Round "9"]
[White "Weiss, Christian"]
[Black "Penz, Harald"]
[Result "1/2-1/2"]
[WhiteElo "2430"]
[BlackElo "2329"]
[Annotator "Mauerbach : P�chlarn"]
[PlyCount "88"]
[EventDate "2007.10.10"]
[SourceDate "2008.02.29"]

1. d4 d5 2. c4 c5 3. cxd5 Qxd5 4. Nf3 cxd4 5. Nc3 Qa5 6. Nxd4 Nf6 7. Nb3 Qc7 8.
e4 e5 9. Bg5 Bb4 10. Bxf6 Bxc3+ 11. bxc3 gxf6 12. Qf3 Be6 13. Bb5+ Ke7 14. O-O
a6 15. Be2 Nd7 16. Rfc1 Rhg8 17. c4 Nc5 18. Qe3 b6 19. Nd2 Qc6 20. f3 Rad8 21.
Nf1 Rd4 22. Kh1 Qd6 23. Rab1 f5 24. exf5 Bxf5 25. Rb2 Bg6 26. Qg5+ f6 27. Qh6
Kf7 28. Ne3 Rd2 29. Nf5 Rxb2 30. Nxd6+ Ke6 31. Qe3 Kxd6 32. Rd1+ Kc7 33. g4
Rxa2 34. Re1 Rd8 35. g5 Nd3 36. gxf6 Nxe1 37. Qxe5+ Rd6 38. c5 bxc5 39. Bc4
Rad2 40. Qxc5+ Kb7 41. Qb4+ Ka7 42. Qc5+ Kb7 43. Qb4+ Ka7 44. Qc5+ Kb7 1/2-1/2

[Event "N�-LL 2007_08"]
[Site "?"]
[Date "2008.02.24"]
[Round "9"]
[White "Neumeier, Klaus"]
[Black "Knoll, Hermann"]
[Result "0-1"]
[WhiteElo "2289"]
[BlackElo "2373"]
[Annotator "Mauerbach : P�chlarn"]
[PlyCount "92"]
[EventDate "2007.10.10"]
[SourceDate "2008.02.29"]

1. e4 e5 2. Nf3 Nc6 3. Bb5 a6 4. Ba4 Nf6 5. O-O Be7 6. Re1 b5 7. Bb3 O-O 8. h3
d6 9. c3 Nb8 10. d4 Nbd7 11. Nbd2 Bb7 12. Bc2 Re8 13. Nf1 Bf8 14. Ng3 g6 15. a4
Bg7 16. Nh2 d5 17. dxe5 Nxe4 18. Nxe4 dxe4 19. Bxe4 Bxe4 20. Rxe4 Nxe5 21. Qe2
f5 22. Re3 Qd7 23. axb5 Qxb5 24. Qf1 Rad8 25. Rxa6 Qxf1+ 26. Nxf1 Rd1 27. f4
Rxc1 28. fxe5 Rxe5 29. Re6 Rxe3 30. Rxe3 Bf8 31. Re5 Bd6 32. Rd5 Rb1 33. b4 Rc1
34. Rd3 Be5 35. Kf2 Bxc3 36. b5 Ba5 37. Ne3 Rc5 38. Rd7 Bb6 39. Kf3 Rc3 40. Re7
Kf8 41. Rxh7 Bxe3 42. g4 Bc1+ 43. Ke2 f4 44. h4 f3+ 45. Kf2 Ba3 46. h5 Bc5+ 0-1

[Event "N�-LL 2007_08"]
[Site "?"]
[Date "2008.02.24"]
[Round "9"]
[White "Weinzettl, Ernst"]
[Black "Ponjican, Erich"]
[Result "*"]
[WhiteElo "2290"]
[BlackElo "2160"]
[Annotator "Mauerbach : P�chlarn"]
[PlyCount "69"]
[EventDate "2007.10.10"]
[SourceDate "2008.02.29"]

1. c4 c6 2. e4 d5 3. exd5 cxd5 4. d4 Nf6 5. Nc3 Nc6 6. Bg5 dxc4 7. d5 Ne5 8.
Qd4 Nd3+ 9. Bxd3 cxd3 10. Nf3 h6 11. Bh4 a6 12. O-O g5 13. Bg3 Bg7 14. Qxd3 O-O
15. Rad1 Bg4 16. Rfe1 Re8 17. h4 Nh5 18. Qe4 Qd7 19. hxg5 Nxg3 20. fxg3 hxg5
21. Nxg5 f5 22. Qf4 Qd6 23. Rd2 Rac8 24. Re6 Qxf4 25. gxf4 Bh5 26. Ne2 Bf6 27.
Ng3 Bg4 28. Rb6 Rc7 29. Ne6 Rd7 30. Nf1 Rc8 31. Ne3 Kf7 32. Kf2 Rc1 33. Nxg4
fxg4 34. Kg3 Rc4 35. Kxg4 *

[Event "N�-LL 2007_08"]
[Site "?"]
[Date "2008.02.24"]
[Round "9"]
[White "Bechmann, Gerhard"]
[Black "Kranzl, Peter"]
[Result "1/2-1/2"]
[WhiteElo "2066"]
[BlackElo "2234"]
[Annotator "Mauerbach : P�chlarn"]
[PlyCount "46"]
[EventDate "2007.10.10"]
[SourceDate "2008.02.29"]

1. f4 g6 2. Nf3 Bg7 3. d3 c5 4. g3 Nc6 5. Bg2 d5 6. O-O Nf6 7. c3 O-O 8. Na3 a6
9. Nc2 Qd6 10. Qe1 e5 11. fxe5 Nxe5 12. Nxe5 Qxe5 13. Bf4 Qh5 14. Ne3 Ng4 15.
Nxg4 Bxg4 16. Bf3 Bxf3 17. Rxf3 Rfe8 18. Qf2 d4 19. Bd2 Re7 20. Rf1 f5 21. Qg2
Rae8 22. R1f2 dxc3 23. bxc3 Bh6 1/2-1/2

[Event "N�-LL 2007_08"]
[Site "?"]
[Date "2008.02.24"]
[Round "9"]
[White "Piza, Vlastimil"]
[Black "Kummer, Helmut"]
[Result "0-1"]
[WhiteElo "2273"]
[BlackElo "2324"]
[Annotator "Bad V�slau/Kottingbrunn : Waidhofen"]
[PlyCount "64"]
[EventDate "2007.10.10"]
[SourceDate "2008.02.29"]

1. Nf3 Nf6 2. c4 e6 3. b3 b6 4. g3 Bb7 5. Bg2 Be7 6. O-O O-O 7. Bb2 c5 8. d3 d5
9. Nbd2 Nc6 10. a3 Rc8 11. e4 d4 12. e5 Nd7 13. Qe2 Rc7 14. h4 Re8 15. Rfe1 Bf8
16. Bh3 g6 17. Bc1 Bg7 18. Ne4 Ncxe5 19. Nxe5 Nxe5 20. Bf4 Rc8 21. Bxe5 Bxe5
22. Nxc5 Rxc5 23. b4 Bxg3 24. bxc5 Qxh4 25. fxg3 Qxh3 26. Qh2 Qf5 27. cxb6 Qxd3
28. bxa7 Qxc4 29. Rab1 Qd5 30. Rb2 Ra8 31. Qh6 Rxa7 32. Reb1 Rxa3 0-1

[Event "N�-LL 2007_08"]
[Site "?"]
[Date "2008.02.24"]
[Round "9"]
[White "Lampl, Gerald"]
[Black "Svanda, Pavel"]
[Result "1-0"]
[WhiteElo "2094"]
[BlackElo "2246"]
[Annotator "Bad V�slau/Kottingbrunn : Waidhofen"]
[PlyCount "93"]
[EventDate "2007.10.10"]
[SourceDate "2008.02.29"]

1. d4 Nf6 2. c4 g6 3. Nf3 Bg7 4. g3 O-O 5. Bg2 d5 6. cxd5 Nxd5 7. O-O Nc6 8.
Nc3 Nb6 9. e3 a5 10. b3 e6 11. Ba3 Re8 12. Rc1 Nb4 13. Qd2 e5 14. Rfd1 exd4 15.
Nb5 c6 16. Nbxd4 Bf8 17. Qb2 Qf6 18. Qb1 c5 19. Nb5 Bf5 20. Qb2 Qxb2 21. Bxb2
Rad8 22. Bf6 Rxd1+ 23. Rxd1 Bg7 24. Nd6 Rb8 25. Bxg7 Kxg7 26. Ne5 Be6 27. Nxb7
Kf6 28. f4 N4d5 29. Bxd5 Nxd5 30. Nxc5 Rb5 31. Ne4+ Kg7 32. Kf2 f6 33. Nc6 Bg4
34. Rd2 Nb4 35. Nxb4 axb4 36. Nd6 Ra5 37. Nc4 Ra7 38. e4 Kf8 39. Ke3 Ke7 40.
Nb6 Be6 41. Kd4 Ra5 42. Nd5+ Bxd5 43. exd5 Rb5 44. Kc4 Rb7 45. Kc5 Kd8 46. Kc6
Ra7 47. Kb6 1-0

[Event "N�-LL 2007_08"]
[Site "?"]
[Date "2008.02.24"]
[Round "9"]
[White "Illner, Gerhard"]
[Black "Zojer, Thomas"]
[Result "1/2-1/2"]
[WhiteElo "2031"]
[BlackElo "2114"]
[Annotator "Bad V�slau/Kottingbrunn : Waidhofen"]
[PlyCount "91"]
[EventDate "2007.10.10"]
[SourceDate "2008.02.29"]

1. d4 f5 2. e4 fxe4 3. Nc3 Nf6 4. Bg5 Nc6 5. d5 Ne5 6. Qd4 Nf7 7. Bxf6 exf6 8.
Nxe4 f5 9. Ng3 g6 10. Nf3 Bh6 11. d6 cxd6 12. Bc4 O-O 13. O-O Bg7 14. Qxd6 Qf6
15. Qxf6 Bxf6 16. c3 Kg7 17. Rfe1 b5 18. Bxf7 Rxf7 19. Rad1 Rb8 20. Re8 Rf8 21.
Re2 b4 22. cxb4 Rxb4 23. b3 a5 24. Rd5 a4 25. bxa4 Rxa4 26. h3 Rf7 27. Red2 Ba6
28. Ne5 Bxe5 29. Rxe5 d6 30. Rxd6 Rxa2 31. Re1 Rc7 32. h4 f4 33. Ne4 Re7 34. f3
Ra4 35. Red1 Bc8 36. R6d4 Rxd4 37. Rxd4 h6 38. Kf2 Rd7 39. Rb4 Rd5 40. Rc4 Be6
41. Rc7+ Bf7 42. g3 fxg3+ 43. Kxg3 Rd1 44. Kf4 Rd5 45. Kg3 Rd1 46. Kf4 1/2-1/2

[Event "N�-LL 2007_08"]
[Site "?"]
[Date "2008.02.24"]
[Round "9"]
[White "Brehovsky, Paul"]
[Black "Rosenauer, Harald"]
[Result "1/2-1/2"]
[WhiteElo "2100"]
[BlackElo "1981"]
[Annotator "Bad V�slau/Kottingbrunn : Waidhofen"]
[PlyCount "62"]
[EventDate "2007.10.10"]
[SourceDate "2008.02.29"]

1. e3 g6 2. d4 Bg7 3. c4 d6 4. Nf3 Nf6 5. Be2 O-O 6. O-O Nbd7 7. b4 c5 8. b5
cxd4 9. exd4 d5 10. Nbd2 dxc4 11. Nxc4 Ne4 12. Bb2 Ndf6 13. Bd3 Nd6 14. Ne3 Ng4
15. Qe2 Nxe3 16. fxe3 Bg4 17. Kh1 Rc8 18. e4 Ne8 19. e5 Nc7 20. h3 Be6 21. Ng5
Bd5 22. Qg4 h6 23. Ne4 Be6 24. Qh4 Bf5 25. Rae1 Nd5 26. g4 Bxe4+ 27. Bxe4 e6
28. Qxd8 Rfxd8 29. Rc1 Bf8 30. Rxc8 Rxc8 31. Rc1 Rxc1+ 1/2-1/2

[Event "N�-LL 2007_08"]
[Site "?"]
[Date "2008.02.24"]
[Round "9"]
[White "Wukits, Rene"]
[Black "Kleiser, Gregor"]
[Result "1/2-1/2"]
[WhiteElo "2254"]
[BlackElo "2302"]
[Annotator "Niederabsdorf : Schwarzatal"]
[PlyCount "88"]
[EventDate "2007.10.10"]
[SourceDate "2008.03.02"]

1. d4 d5 2. c4 dxc4 3. Nf3 Nf6 4. g3 b6 5. Bg2 Bb7 6. O-O e6 7. Qa4+ Nbd7 8.
Qxc4 c5 9. Nc3 Rc8 10. Bf4 cxd4 11. Qxd4 Bc5 12. Qa4 a6 13. Rad1 b5 14. Qb3 Qb6
15. Ng5 O-O 16. Na4 Qa7 17. Nxc5 Nxc5 18. Qa3 Bxg2 19. Kxg2 h6 20. Nf3 Nd5 21.
Bd6 b4 22. Bxc5 Rxc5 23. Qb3 a5 24. e4 Nf6 25. Rd4 e5 26. Rc4 Rfc8 27. Nxe5
Rxc4 28. Nxc4 Nxe4 29. Qe3 Qb7 30. Nxa5 Qd5 31. Qf3 Rc2 32. a3 bxa3 33. bxa3 f5
34. Qb3 Qxb3 35. Nxb3 Ra2 36. Nd4 g6 37. h4 Rxa3 38. Re1 Rd3 39. Nf3 Kg7 40.
Re2 Kf6 41. Ra2 g5 42. Ra6+ Nd6 43. hxg5+ hxg5 44. Kf1 Rxf3 1/2-1/2

[Event "N�-LL 2007_08"]
[Site "?"]
[Date "2008.02.24"]
[Round "9"]
[White "Schwarhofer, Christopher"]
[Black "Csonka, Attila"]
[Result "1/2-1/2"]
[WhiteElo "2200"]
[BlackElo "2312"]
[Annotator "Niederabsdorf : Schwarzatal"]
[PlyCount "84"]
[EventDate "2007.10.10"]
[SourceDate "2008.03.02"]

1. e4 c5 2. Nf3 e6 3. d4 cxd4 4. Nxd4 Nc6 5. Be3 Nf6 6. Nc3 Bb4 7. Nxc6 bxc6 8.
e5 Nd5 9. Bd2 Nxc3 10. bxc3 Bc5 11. Qg4 O-O 12. Bh6 g6 13. Bxf8 Bxf8 14. Bd3
Bg7 15. f4 Qb6 16. Qe2 d6 17. Qf2 dxe5 18. O-O exf4 19. Qxb6 axb6 20. Rxf4 Be5
21. Rc4 c5 22. Rb1 Bc7 23. a4 f5 24. Ra1 e5 25. a5 e4 26. Be2 Kf8 27. Kf1 Bd6
28. Rca4 Bd7 29. R4a2 b5 30. a6 Ra7 31. Rb1 c4 32. Bxc4 bxc4 33. Rb7 Bc5 34.
Ra5 Be3 35. Rd5 Be8 36. Rxa7 Bxa7 37. Rd8 Ke7 38. Ra8 Be3 39. a7 Bf7 40. Rb8
Bxa7 41. Rb7+ Kf6 42. Rxa7 f4 1/2-1/2

[Event "N�-LL 2007_08"]
[Site "?"]
[Date "2008.02.24"]
[Round "9"]
[White "Matevosyan, Andy"]
[Black "Hansen, Kay"]
[Result "1/2-1/2"]
[WhiteElo "2010"]
[BlackElo "2193"]
[Annotator "Niederabsdorf : Schwarzatal"]
[PlyCount "119"]
[EventDate "2007.10.10"]
[SourceDate "2008.03.02"]

1. e4 c6 2. d4 d5 3. Nc3 b5 4. a3 a6 5. Nf3 Bg4 6. Be2 e6 7. O-O Nf6 8. Ne5
Bxe2 9. Qxe2 Qb6 10. exd5 cxd5 11. Bg5 Be7 12. Rfd1 O-O 13. Rd3 Ra7 14. Rh3
Nbd7 15. Rd1 Rc8 16. Na2 Nxe5 17. Bxf6 Ng6 18. Be5 Nxe5 19. dxe5 Rc4 20. Rdd3
Re4 21. Rde3 Qd4 22. Rxe4 dxe4 23. Nc3 Rd7 24. Re3 Qxe5 25. Rxe4 Qg5 26. Qe3
Qf5 27. h3 g6 28. Qb6 Bc5 29. Qb8+ Kg7 30. Rf4 Qxc2 31. Qe5+ Kg8 32. Ne4 Be7
33. Nf6+ Bxf6 34. Qxf6 Qc7 35. h4 Qd8 36. Qc3 Rd3 37. Qe5 h5 38. Kh2 Rd5 39.
Qc3 Qd6 40. g3 Qd7 41. a4 e5 42. Re4 Qd6 43. axb5 axb5 44. Re2 Qc5 45. Qe1 Qd4
46. Kg2 Kg7 47. Kh2 Kf6 48. Qa5 b4 49. Qa6+ Kg7 50. Kg2 Rc5 51. Qb7 Rd5 52. Qb8
e4 53. Qe8 Re5 54. Qb8 Re6 55. Qb7 Qc4 56. Re3 Rc6 57. b3 Qc5 58. Rxe4 Qb6 59.
Qe7 Rd6 60. Re3 1/2-1/2

[Event "N�-LL 2007_08"]
[Site "?"]
[Date "2008.02.24"]
[Round "9"]
[White "G�tz, Alexander"]
[Black "Degen, Gerhard"]
[Result "1/2-1/2"]
[WhiteElo "2163"]
[BlackElo "2095"]
[Annotator "Niederabsdorf : Schwarzatal"]
[PlyCount "104"]
[EventDate "2007.10.10"]
[SourceDate "2008.03.02"]

1. c4 e5 2. g3 Nf6 3. Bg2 Nc6 4. Nc3 Bb4 5. Nd5 Bc5 6. e3 O-O 7. Ne2 Re8 8. O-O
d6 9. d3 Bg4 10. h3 Bh5 11. a3 a5 12. g4 Bg6 13. Ng3 Nxd5 14. cxd5 Ne7 15. h4
h6 16. h5 Bh7 17. Be4 Rf8 18. Qf3 f5 19. gxf5 Nxf5 20. Qg4 Nxg3 21. Bxh7+ Kxh7
22. Qxg3 Rf6 23. f4 Qf8 24. Kg2 Qf7 25. e4 Qxh5 26. Qf3 Qxf3+ $4 (26... Rg6+
27. Qg3 Qe2+ 28. Kh3 Qxf1+ 29. Kh2 (29. Kh4 Qh1+ 30. Qh3 Bf2+ 31. Kh5 Qxh3#)
29... Bg1+ 30. Qxg1 Qxg1+ 31. Kh3 Qg3#) 27. Rxf3 exf4 28. Bxf4 Raf8 29. Raf1 g5
30. Bd2 Rxf3 31. Rxf3 Rxf3 32. Kxf3 a4 33. Bc3 Kg6 34. d4 Bb6 35. e5 Kf5 36. e6
Kf6 37. Kg4 Ke7 38. Kf5 c6 39. Ke4 cxd5+ 40. Kxd5 g4 41. Bd2 h5 42. Bg5+ Kf8
43. Ke4 d5+ 44. Kxd5 g3 45. Ke4 g2 46. Be3 Ke7 47. Kf3 Bd8 48. d5 Kd6 49. Ke4
Bf6 50. Kf5 Be7 51. Ke4 Bf6 52. Kf5 Be7 1/2-1/2

[Event "N�-LL 2007_08"]
[Site "?"]
[Date "2008.02.24"]
[Round "9"]
[White "Ganaus, Hannes"]
[Black "Flumbort, Andras"]
[Result "1/2-1/2"]
[WhiteElo "2340"]
[BlackElo "2478"]
[Annotator "B�hlerwerk : St.P�lten"]
[PlyCount "35"]
[EventDate "2007.10.10"]
[SourceDate "2008.03.03"]

1. d4 Nf6 2. Nf3 g6 3. Bf4 Bg7 4. e3 O-O 5. Nbd2 d6 6. h3 c5 7. c3 Nc6 8. Be2
cxd4 9. exd4 e5 10. dxe5 dxe5 11. Bxe5 Nxe5 12. Nxe5 Qc7 13. Nef3 Re8 14. Kf1
Nd5 15. Bb5 Rd8 16. Kg1 Nxc3 17. bxc3 Bxc3 18. Qe1 {Rest nicht lesbar} 1/2-1/2

[Event "N�-LL 2007_08"]
[Site "?"]
[Date "2008.02.24"]
[Round "9"]
[White "Heimberger, Reinhard"]
[Black "Denk, Adolf"]
[Result "1/2-1/2"]
[WhiteElo "2229"]
[BlackElo "2259"]
[Annotator "B�hlerwerk : St.P�lten"]
[PlyCount "83"]
[EventDate "2007.10.10"]
[SourceDate "2008.03.03"]

1. c4 c5 2. Nc3 g6 3. g3 Bg7 4. Bg2 Nf6 5. e4 Nc6 6. Nge2 O-O 7. O-O d6 8. d3
Rb8 9. h3 a6 10. f4 Bd7 11. Be3 b5 12. Rb1 Ne8 13. Qd2 Nc7 14. Nd5 e6 15. Nxc7
Qxc7 16. g4 f5 17. Ng3 Nd4 18. b3 a5 19. Kh2 a4 20. exf5 exf5 21. Bd5+ Kh8 22.
gxf5 Nxf5 23. Nxf5 Rxf5 24. bxa4 bxa4 25. d4 Rh5 26. Bg2 Rd8 27. dxc5 Qc8 28.
Bd4 Bxh3 29. Bxg7+ Kg8 30. Bf3 Bxf1+ 31. Bxh5 Qh3+ 32. Kg1 Kxg7 33. Rb7+ Kh6
34. f5+ g5 35. Qd5 Qe3+ 36. Kxf1 Kxh5 37. Rxh7+ Kg4 38. Qg2+ Kxf5 39. Qc2+ Kg4
40. Qg2+ Kf5 41. Qc2+ Kg4 42. Qg2+ 1/2-1/2

[Event "N�-LL 2007_08"]
[Site "?"]
[Date "2008.02.24"]
[Round "9"]
[White "Neumann, Christian"]
[Black "Wallner, Erich"]
[Result "0-1"]
[WhiteElo "1957"]
[BlackElo "2192"]
[Annotator "B�hlerwerk : St.P�lten"]
[PlyCount "78"]
[EventDate "2007.10.10"]
[SourceDate "2008.03.03"]

1. e4 c6 2. d4 d5 3. Nc3 g6 4. Be3 Nf6 5. f3 Bg7 6. e5 Nfd7 7. f4 b5 8. Qf3 Nb6
9. b3 b4 10. Nd1 Bf5 11. Bd2 Bxc2 12. Bxb4 a5 13. Ba3 a4 14. b4 Be4 15. Qc3 O-O
16. Nf3 f6 17. Be2 fxe5 18. fxe5 Bxf3 19. Bxf3 Nc4 20. O-O Qb6 21. b5 Nxa3 22.
Qxa3 e6 23. Qe3 cxb5 24. Nc3 Nc6 25. Qf2 b4 26. Ne2 Rab8 27. Rab1 b3 28. axb3
axb3 29. Qe3 Nxe5 30. Kh1 Nxf3 31. gxf3 e5 32. Rfd1 exd4 33. Nxd4 Bxd4 34. Rxd4
Rxf3 35. Qxf3 Qxd4 36. Rxb3 Rf8 37. Rd3 Rxf3 38. Rxd4 Rf5 39. Kg2 Kf7 0-1

[Event "N�-LL 2007_08"]
[Site "?"]
[Date "2008.02.24"]
[Round "9"]
[White "Wadsack, Wolfgang"]
[Black "Janetschek, Karl"]
[Result "0-1"]
[WhiteElo "2210"]
[BlackElo "2208"]
[Annotator "Zwettl : Amstetten"]
[PlyCount "112"]
[EventDate "2007.10.10"]
[SourceDate "2008.03.03"]

1. e4 e5 2. Nc3 Bc5 3. Nf3 Nc6 4. Nxe5 Nxe5 5. d4 Bd6 6. dxe5 Bxe5 7. f4 Bxc3+
8. bxc3 Qe7 9. Bd3 d5 10. O-O dxe4 11. Bxe4 Nf6 12. Bf3 O-O 13. Re1 Be6 14. Qd4
Rfd8 15. Qe5 Qd7 16. Be3 Ng4 17. Bxg4 Bxg4 18. Bd4 f6 19. Qe3 b6 20. h3 Bf5 21.
Qg3 Kf7 22. Rad1 Qd6 23. Qf3 Qd5 24. Qg3 Qd6 25. Qf3 Re8 26. Be3 Qe6 27. Qb7
Qe4 28. Qxe4 Rxe4 29. g4 Rae8 30. Kf2 Bc8 31. Rd4 c5 32. Rxe4 Rxe4 33. a3 h5
34. gxh5 Bxh3 35. h6 gxh6 36. Rh1 Bf5 37. Rxh6 Re8 38. Rh1 Bxc2 39. Rc1 Bf5 40.
Rd1 Rh8 41. Kg2 Ke6 42. c4 Be4+ 43. Kg3 Rg8+ 44. Kh3 Rg2 45. f5+ Ke5 46. Rf1
Rc2 47. Bf4+ Kd4 48. Kg4 Kxc4 49. Bb8 a6 50. Bc7 Bd3 51. Rf4+ Kb5 52. Bd8 Rg2+
53. Kf3 Ra2 54. Bxf6 Rxa3 55. Bb2 Rb3 56. f6 Bg6+ 0-1

[Event "N�-LL 2007_08"]
[Site "?"]
[Date "2008.02.24"]
[Round "9"]
[White "Zwettler, Martin"]
[Black "Mittermayr, Gerhard"]
[Result "1-0"]
[WhiteElo "2129"]
[BlackElo "2121"]
[Annotator "Zwettl : Amstetten"]
[PlyCount "125"]
[EventDate "2007.10.10"]
[SourceDate "2008.03.03"]

1. d4 f5 2. Bg5 Nf6 3. Bxf6 exf6 4. e3 d5 5. c4 Be6 6. cxd5 Bb4+ 7. Nc3 Bxc3+
8. bxc3 Qxd5 9. c4 Qa5+ 10. Qd2 Qxd2+ 11. Kxd2 c6 12. Bd3 Na6 13. Ne2 Nb4 14.
Rhb1 Nxd3 15. Kxd3 O-O-O 16. Rb2 Kc7 17. a4 g5 18. a5 Rhg8 19. Nc3 g4 20. Ne2
Rb8 21. Nf4 Bf7 22. Kc3 b5 23. cxb5 cxb5 24. Kb4 Kd6 25. Rc2 Bc4 26. Rh1 a6 27.
g3 Bd5 28. Rhc1 Bc4 29. h3 gxh3 30. Rh1 Rg7 31. Rxh3 Rbb7 32. Rh6 Rgf7 33. Rh5
Be6 34. Rc5 Bd7 35. Rc1 Rc7 36. Rxc7 Kxc7 37. Kc5 Bc8 38. Nd5+ Kd8 39. Rh6 Be6
40. Nb4 Bc8 41. d5 Ke7 42. Rh5 Rg7 43. Nc6+ Kf7 44. Rh6 f4 45. gxf4 Bf5 46. f3
Rg1 47. e4 Rc1+ 48. Kd6 Kg7 49. Rh2 Bg6 50. Rg2 Kf8 51. f5 Bf7 52. Nd8 b4 53.
Ne6+ Ke8 54. Nc7+ Kf8 55. Nxa6 b3 56. Rb2 Ra1 57. Rxb3 Rxa5 58. Nc5 h5 59. f4
Ra7 60. Nd7+ Kg7 61. Rg3+ Kh6 62. Nxf6 Ra6+ 63. Ke5 1-0

[Event "N�-LL 2007_08"]
[Site "?"]
[Date "2008.02.24"]
[Round "9"]
[White "Gugler, Edgar"]
[Black "Wagner, Stefan"]
[Result "1/2-1/2"]
[WhiteElo "2144"]
[BlackElo "2126"]
[Annotator "Zwettl : Amstetten"]
[PlyCount "26"]
[EventDate "2007.10.10"]
[SourceDate "2008.03.03"]

1. d4 Nf6 2. Nf3 e6 3. e3 b6 4. Bd3 Bb7 5. O-O Be7 6. Nbd2 c5 7. b3 O-O 8. Bb2
d6 9. c4 Nc6 10. Qe2 Qc7 11. a3 h6 12. Rfd1 a5 13. Rac1 a4 1/2-1/2